Text data mining (Record no. 1237425)

MARC details
000 -LEADER
fixed length control field 00736nam a2200253Ia 4500
005 - DATE AND TIME OF LATEST TRANSACTION
control field 20250117103441.0
008 - FIXED-LENGTH DATA ELEMENTS--GENERAL INFORMATION
fixed length control field 008 250103s9999 xx 000 0 eng d
020 ## - INTERNATIONAL STANDARD BOOK NUMBER
International Standard Book Number 9789811601026
037 ## - SOURCE OF ACQUISITION
Stock number Textbook
040 ## - CATALOGING SOURCE
Original cataloging agency CSL
Language of cataloging eng
Transcribing agency CSL
041 ## - LANGUAGE CODE
Language code of text/sound track or separate title eng
Source of code eng
084 ## - COLON CLASSIFICATION NUMBER
Classification number D65,8(B) 27 R1
Assigning agency CSL
100 ## - MAIN ENTRY--PERSONAL NAME
Personal name Zong, Chenqing
9 (RLIN) 731118
245 #0 - TITLE STATEMENT
Title Text data mining
Statement of responsibility, etc. Zong, Chenqing; Xia, Rui
260 ## - PUBLICATION, DISTRIBUTION, ETC.
Date of publication, distribution, etc. 2021
300 ## - PHYSICAL DESCRIPTION
Extent xxi,351p. Col.ill.
650 ## - SUBJECT ADDED ENTRY--TOPICAL TERM
Topical term or geographic name entry element Data annotation and preprocessing
9 (RLIN) 733125
650 ## - SUBJECT ADDED ENTRY--TOPICAL TERM
Topical term or geographic name entry element Text clustering
9 (RLIN) 733126
650 ## - SUBJECT ADDED ENTRY--TOPICAL TERM
Topical term or geographic name entry element Topic model
9 (RLIN) 733127
650 ## - SUBJECT ADDED ENTRY--TOPICAL TERM
Topical term or geographic name entry element Computer Science
700 ## - ADDED ENTRY--PERSONAL NAME
Personal name Xia, Rui
9 (RLIN) 731120
942 ## - ADDED ENTRY ELEMENTS (KOHA)
Koha item type Textbook
Classification part D65,8(B) 27 R1
Holdings
Withdrawn status Lost status Damaged status Not for loan Home library Current library Date acquired Source of acquisition Inventory number Total Checkouts Full call number Barcode Date last seen Price effective from Koha item type
        Central Science Library Central Science Library 2025-01-17 Excel Book International 182, 09/02/2023   D65,8(B) 27 R1 SL1655373 2025-01-17 2025-01-17 Textbook
Copyright @ Delhi University Library System